书目信息 |
| 题名: |
文盛武衰
|
|
| 作者: | 徐洪兴 , 姚荣涛 著 | |
| 分册: | ||
| 出版信息: | 广州 广东人民出版社 2021 |
|
| 页数: | 287页 | |
| 开本: | 21cm | |
| 丛书名: | 爱上历史丛书 | |
| 单 册: | ||
| 中图分类: | K244.07 | |
| 科图分类: | ||
| 主题词: | 史评--中国--宋代 | |
| 电子资源: | ||
| ISBN: | 978-7-218-14668-3 | |
| 000 | 00958nam0 2200277 450 | |
| 001 | 011420375 | |
| 005 | 20210923132106.0 | |
| 010 | @a978-7-218-14668-3@dCNY58.00 | |
| 100 | @a20210923d2021 em y0chiy0120 ea | |
| 101 | 0 | @achi |
| 102 | @aCN@b440000 | |
| 105 | @ay z 000yy | |
| 106 | @ar | |
| 200 | 1 | @a文盛武衰@9wen sheng wu shuai@e宋朝历史一瞥@f徐洪兴,姚荣涛著 |
| 210 | @a广州@c广东人民出版社@d2021 | |
| 215 | @a287页@d21cm | |
| 225 | 1 | @a爱上历史丛书 |
| 300 | @a拿起就放不下的中国通史私教课·两宋 | |
| 330 | @a本书着力论述了五代战乱的终结、中央集权的强化、右文抑武政策的推行等重大历史事件或社会现象;同时,从政治、经济、文化、外交、科技等各个层面重新审视两宋的历史,希望能引起读者的共鸣。 | |
| 461 | 0 | @12001 @a爱上历史丛书 |
| 606 | 0 | @a史评@y中国@z宋代 |
| 690 | @aK244.07@v5 | |
| 701 | 0 | @a徐洪兴@9xu hong xing@f(1954-)@4著 |
| 701 | 0 | @a姚荣涛@9yao rong tao@4著 |
| 801 | 0 | @aCN@bBJXHZP@c20230228 |
| 905 | @b1399823-6@dK244.07@e87@f4 | |
| 文盛武衰:宋朝历史一瞥/徐洪兴,姚荣涛著.-广州:广东人民出版社,2021 |
| 287页;21cm.-(爱上历史丛书) |
| 拿起就放不下的中国通史私教课·两宋 |
| ISBN 978-7-218-14668-3:CNY58.00 |
| 本书着力论述了五代战乱的终结、中央集权的强化、右文抑武政策的推行等重大历史事件或社会现象;同时,从政治、经济、文化、外交、科技等各个层面重新审视两宋的历史,希望能引起读者的共鸣。 |
| ● |
| 相关链接 |
|
|
|
|
正题名:文盛武衰
索取号:K244.07/87
 
预约/预借
| 序号 | 登录号 | 条形码 | 馆藏地/架位号 | 状态 | 备注 |
| 1 | 1399823 | 213998236 | 第二样本阅览室/ [索取号:K244.07/87] | 在馆 | |
| 2 | 1399824 | 213998245 | 第二借阅区/ [索取号:K244.07/87] | 在馆 | |
| 3 | 1399825 | 213998254 | 第二借阅区/ [索取号:K244.07/87] | 在馆 | |
| 4 | 1399826 | 213998263 | 第二借阅区/ [索取号:K244.07/87] | 在馆 |